000 00863cam a2200229 4500
001 2669223
005 20020709160622.0
008 740612s1973nyu | b 001 0 eng d
010 _a 73018457
040 _aDLC
_cDLC
_dDLC
050 0 0 _aJX1977.A593
_bH57 1974
082 0 0 _a341.232
_222
_bHIS
100 1 _aHiscocks, Richard.
_910248
245 1 4 _aThe Security Council:
_bA Study in Adolescence/
_cRichard Hiscocks
260 _aNew York:
_bFree Press,
_c1973
300 _a371 p.;
_c22 cm.
504 _aIncludes bibliography: p. 331-349 and index
610 2 0 _aUnited Nations.
_bSecurity Council.
_910249
650 0 _aWorld politics
_y1945-1989.
_910250
942 _2ddc
_cBB
999 _c13110
_d13110